| 000 | 00000nam 22000008a 4500 |
| 001 | 9.816845 |
| 003 | CaOODSP |
| 005 | 20221107142336 |
| 007 | cr ||||||||||| |
| 008 | 160504s2017 oncao #o f000 0 eng d |
| 020 | |a978-0-660-05381-3 |
| 040 | |aCaOODSP|beng |
| 043 | |an-cn--- |
| 086 | 1 |aA22-500/6-2016E-PDF |
| 245 | 00|aWatershed evaluation of beneficial management practices (WEBS) |h[electronic resource] : |bmanaging our land and protecting our water through long-term watershed-scale research : final report (2004-2013). |
| 260 | |a[Ottawa] : |bAgriculture and Agri-Food Canada,|cc2017. |
| 300 | |a192 p. : |bcol. ill, photographs |
| 500 | |aIssued also in French under title: Évaluation des pratiques de gestion bénéfiques à l'échelle des bassins hydrographiques (EPBH). |
| 500 | |a"Growing Forward 2, a federal-provincial-territorial initiative." |
| 504 | |aIncludes bibliographical references. |
| 692 | 07|2gccst|aWatersheds |
| 692 | 07|2gccst|aWater management |
| 700 | 1 |aStuart, Valerie. |
| 710 | 1 |aCanada. |bAgriculture and Agri-Food Canada. |
| 710 | 2 |aGrowing Forward 2 (Canada) |
| 775 | 08|tÉvaluation des pratiques de gestion bénéfiques à l'échelle des bassins hydrographiques (EPBH) |w(CaOODSP)9.816847 |
| 856 | 40|qPDF|s18.41 MB|uhttps://publications.gc.ca/collections/collection_2017/aac-aafc/A22-500-6-2016-eng.pdf |
| 986 | |aAAFC No. 12500E |